000 00929nam a2200277Ia 4500
005 20220317000226.0
008 141031s9999 ck 000 0 spa d
020 _a9500306301
100 1 _aIcaza, Jorge,
_d1906-1978
245 1 0 _aHuasipungo
_cJorge Icaza ; edición de Teodosio Fernéndez
250 _a1a edición
_b15a reimpresión
300 _a237 páginas
_c18 cm.
490 _aBiblioteca Clásica Contemporanea
_aClásicos Lozada
504 _aIncluye bibliografía
650 1 4 _2LEMB
_aNovela ecuatoriana
_ySiglo XX
650 1 4 _2LEMB
_aIndígenas en la literatura
650 1 4 _2LEMB
_aProblemas sociales en la literatura
700 _aFernández, Teodosio
_eeditor
_911477
942 _2loc
_cBKLIT
264 _aBuenos Aires
_bLosada
_c2004
336 _atexto
_btxt
_2rdacontent
337 _asin mediación
_bn
_2rdamedia
338 _avolumen
_bnc
_2rdacarrier
040 _aCO-BoRNBP
_bspa
_erda
_cCO-BoRNBP
084 _aN ICA1
999 _c3454
_d3454